[Event "SVK-ch Open 2018"]
[Site "Banska Stiavnica"]
[Date "2018.07.14"]
[Round "8"]
[White "Mandak, Miroslav"]
[Black "Gelle, Istvan"]
[Result "0-1"]
[WhiteElo "1989"]
[BlackElo "2344"]
[Annotator "NA"]
[PlyCount "128"]
[EventDate "2018.07.07"]
[EventType "swiss"]
[EventCountry "SVK"]
[SourceTitle "playchess.com"]
[Source "ChessBase"]
[SourceQuality "1"]
[TimeControl "40/5400+30:1800+30"]

1. g3 {[%emt 0:00:00]} d5 {[%emt 0:00:00]} 2. Bg2 {[%emt 0:00:00]} c6 {[%emt 0:00:00]} 3. b3 {[%emt 0:00:13]} Bf5 {[%emt 0:00:00] A00: Unregelmäßige Eröffnungen} 4. Bb2 {[%emt 0:00:11]} e6 {[%emt 0:00:00]} 5. d3 {[%emt 0:00:57]} (5. Nf3 h6 6. O-O Nf6 7. c4 Nbd7 8. d3 Bh7 9. Nbd2 Bd6 10. a3 a5 11. Bc3 O-O 12. b4 e5 13. cxd5 axb4 14. Bxb4 Bxb4 15. axb4 cxd5 16. Rxa8 Qxa8 17. Qb3 Rc8 {1-0 (39) Karjakin,S (2782)-Aronian,L (2764) Stavanger 2018}) 5... Nf6 {[%emt 0:00:24] LiveBook: 7 Games} 6. Nd2 {[%emt 0:01:12]} h6 {[%emt 0:00:33]} 7. e3 {[%emt 0:00:27]} Be7 {[%emt 0:00:52]} 8. Ne2 {[%emt 0:00:23]} a5 $146 {[%emt 0:00:55]} ({Vorgänger:} 8... O-O 9. h3 a5 10. a3 a4 11. b4 {1-0 (31) Blatny,P (2460)-Kotan,L (2325) Czechia 2005}) 9. O-O {[%emt 0:00:26]} a4 {[%emt 0:01:35]} 10. h3 {[%emt 0:14:05]} O-O {[%emt 0:00:32]} 11. Kh2 {[%emt 0:02:42]} Bh7 {[%emt 0:00:54]} 12. e4 {[%emt 0:03:04]} b5 {[%emt 0:04:01]} 13. a3 {[%emt 0:04:47]} axb3 {[%emt 0:01:11]} 14. cxb3 {[%emt 0:00:39]} Nbd7 {[%emt 0:06:22]} 15. Nd4 {[%emt 0:06:28]} Qb6 {[%emt 0:00:57]} 16. Nc2 {[%emt 0:01:54]} Qb7 {[%emt 0:12:07]} 17. Qe2 {[%emt 0:03:16]} Nc5 {[%emt 0:06:18]} 18. Nb4 {[%emt 0:04:52]} Rfe8 {[%emt 0:06:08]} 19. Rfc1 {[%emt 0:07:12]} Rac8 {[%emt 0:03:34]} 20. Rd1 {[%emt 0:08:38]} Nfd7 {[%emt 0:06:05]} 21. Rac1 {[%emt 0:02:47]} Bf8 {[%emt 0:02:13]} 22. f4 {[%emt 0:07:35]} Nb6 {[%emt 0:06:05]} 23. Kh1 {[%emt 0:03:16]} Ncd7 {[%emt 0:01:19]} 24. Nc2 {[%emt 0:02:50]} Ra8 {[%emt 0:01:43]} 25. Qf2 {[%emt 0:04:55]} Nc8 {[%emt 0:05:48]} 26. Ne3 {[%emt 0:03:19]} Bxa3 {[%emt 0:01:37]} 27. Bxa3 {[%emt 0:00:43]} Rxa3 {[%emt 0:00:07]} 28. f5 {[%emt 0:01:02]} Ra2 {[%emt 0:10:56]} 29. g4 {[%emt 0:06:27]} Ne5 {[%emt 0:03:40]} 30. Qf1 {[%emt 0:01:01]} d4 {[%emt 0:10:02]} 31. Nc2 {[%emt 0:00:25]} Qd7 {[%emt 0:02:40]} 32. Nf3 {[%emt 0:01:43]} exf5 {[%emt 0:02:31]} 33. Nxe5 {[%emt 0:01:32]} Rxe5 {[%emt 0:00:23]} 34. exf5 {[%emt 0:00:29]} Qd6 {[%emt 0:02:37]} 35. Re1 {[%emt 0:02:34]} f6 {[%emt 0:00:32]} 36. Rxe5 {[%emt 0:02:17]} fxe5 {[%emt 0:00:12]} 37. Qe1 {[%emt 0:01:58]} Ne7 {[%emt 0:00:23]} 38. Nb4 {[%emt 0:00:41]} Rxg2 {[%emt 0:01:29]} 39. Kxg2 {[%emt 0:00:20]} g6 {[%emt 0:00:48]} 40. f6 {[%emt 0:01:33]} Qxf6 {[%emt 0:01:39]} 41. Qf2 {[%emt 0:06:10]} Kg7 {[%emt 0:06:07]} 42. Qxf6+ {[%emt 0:02:07]} Kxf6 {[%emt 0:00:09]} 43. Nxc6 {[%emt 0:01:37]} Nd5 {[%emt 0:00:16]} 44. g5+ {[%emt 0:09:52]} hxg5 {[%emt 0:01:54]} 45. Kf3 {[%emt 0:02:22]} Bg8 {[%emt 0:14:21]} 46. Nb8 {[%emt 0:05:42]} Be6 {[%emt 0:04:26]} 47. Kg3 {[%emt 0:01:44]} Nc3 $2 {[%emt 0:01:33]} (47... Nb4 $19 {has better winning chances.} 48. Rd1 Ke7) 48. Rf1+ {[%emt 0:02:02]} Ke7 {[%emt 0:00:20]} 49. b4 $19 {[%emt 0:00:59]} (49. Ra1 $17 {was worth a try.}) 49... Ne2+ {[%emt 0:01:24]} 50. Kf3 {[%emt 0:01:11]} Nf4 {[%emt 0:00:16]} 51. Na6 {[%emt 0:01:41]} Nxd3 {[%emt 0:02:06]} 52. Nc5 {[%emt 0:00:57]} Bf5 {[%emt 0:00:55]} 53. Nxd3 {[%emt 0:00:29]} Bxd3 {[%emt 0:00:38]} 54. Ra1 {[%emt 0:00:23]} e4+ {[%emt 0:00:29]} 55. Kg4 {[%emt 0:00:32]} e3 {[%emt 0:00:21]} 56. Kxg5 {[%emt 0:00:34]} e2 {[%emt 0:00:59]} 57. Kf4 {[%emt 0:00:23]} Bf5 {[%emt 0:01:18]} 58. h4 Ke6 {[%emt 0:00:38]} 59. Kf3 {[%emt 0:00:58]} d3 {[%emt 0:00:39]} 60. Ke3 {[%emt 0:00:34]} Ke5 {[%emt 0:00:47]} 61. Kd2 {[%emt 0:00:22]} Kf4 {[%emt 0:00:35]} 62. Rg1 {[%emt 0:00:52]} Kf3 {[%emt 0:00:25]} 63. Ke1 {[%emt 0:00:33]} Be4 {[%emt 0:00:37]} 64. Rh1 {[%emt 0:00:32]} Ke3 {[%emt 0:00:38]} 0-1

[Event "SVK-ch Open 2018"]
[Site "Banska Stiavnica"]
[Date "2018.07.14"]
[Round "8"]
[White "Sosovicka, Jakub"]
[Black "Seres, Bela"]
[Result "0-1"]
[WhiteElo "1982"]
[BlackElo "2212"]
[Annotator "NA"]
[PlyCount "84"]
[EventDate "2018.07.07"]
[EventType "swiss"]
[EventCountry "SVK"]
[SourceTitle "playchess.com"]
[Source "ChessBase"]
[SourceQuality "1"]
[TimeControl "40/5400+30:1800+30"]

1. e4 {[%emt 0:00:00]} c5 {[%emt 0:00:00]} 2. Nf3 {[%emt 0:00:00]} g6 {[%emt 0:00:00]} 3. d4 {[%emt 0:00:00]} Bg7 {[%emt 0:00:00]} 4. d5 {[%emt 0:00:54]} d6 {[%emt 0:02:26]} 5. c4 {[%emt 0:02:58]} e6 {[%emt 0:00:35]} 6. h3 {[%emt 0:03:01] A40: Verschiedene (seltene) Antworten auf 1.d4} (6. Bd3 exd5 7. cxd5 Bg4 8. Nbd2 Nf6 9. O-O O-O 10. h3 Bxf3 11. Nxf3 c4 12. Bxc4 Nxe4 13. Re1 Re8 {1-0 (42) Giri,A (2752)-Adhiban,B (2655) Wijk aan Zee 2018}) 6... exd5 {[%emt 0:00:27]} 7. exd5 {[%emt 0:00:55] LiveBook: 4 Partien} Ne7 {[%emt 0:01:45]} 8. Nc3 {[%emt 0:06:22]} O-O {[%emt 0:02:28]} 9. Bd3 {[%emt 0:04:16]} Bf5 {[%emt 0:02:20]} 10. Bf4 {[%emt 0:05:51]} a6 {[%emt 0:05:39]} 11. O-O {[%emt 0:02:52]} h6 $146 {[%emt 0:08:54]} ({Vorgänger:} 11... Bxd3 12. Qxd3 Nf5 {1-0 (33) Askerov,M (2332)-Ismagilov,D (2058) St Petersburg 2017}) 12. Re1 {[%emt 0:04:01]} Bxd3 {[%emt 0:02:10]} 13. Qxd3 {[%emt 0:01:31]} Nc8 {[%emt 0:04:26]} 14. Ne4 {[%emt 0:10:29]} Qc7 {[%emt 0:06:25]} 15. Qe3 {[%emt 0:26:44]} Kh7 {[%emt 0:00:42]} 16. b4 {[%emt 0:20:30]} b6 {[%emt 0:01:05]} 17. bxc5 {[%emt 0:02:25]} bxc5 {[%emt 0:00:46]} 18. Rab1 {[%emt 0:00:39]} Nd7 {[%emt 0:00:31]} 19. Rb3 {[%emt 0:03:32]} Rd8 {[%emt 0:09:38]} 20. Reb1 {[%emt 0:02:15]} Ra7 $18 {[%emt 0:00:13]} 21. a3 {[%emt 0:01:18]} Nf8 {[%emt 0:03:48]} 22. Nfd2 {[%emt 0:00:34]} f5 {[%emt 0:12:08]} 23. Nc3 {[%emt 0:00:23]} Qf7 {[%emt 0:04:02]} 24. Rb8 {[%emt 0:00:45]} Re8 {[%emt 0:14:21]} 25. Qd3 {[%emt 0:00:34]} g5 {[%emt 0:05:55]} 26. Bh2 {[%emt 0:00:16]} Ng6 {[%emt 0:00:25]} 27. Nf3 {[%emt 0:00:27]} Qf6 {[%emt 0:02:35]} 28. Na4 {[%emt 0:00:18]} Rae7 {[%emt 0:02:22]} 29. Nb6 {[%emt 0:00:39]} Nxb6 {[%emt 0:00:50]} 30. R8xb6 {[%emt 0:00:31]} f4 {[%emt 0:01:56]} 31. Rxa6 {[%emt 0:00:25]} Kg8 {[%emt 0:00:14]} 32. g3 {[%emt 0:00:52]} h5 {[%emt 0:02:45]} 33. g4 {[%emt 0:00:31]} hxg4 {[%emt 0:01:26]} 34. hxg4 {[%emt 0:00:04]} Ne5 {[%emt 0:00:40]} 35. Nxe5 {[%emt 0:00:22]} Rxe5 {[%emt 0:00:10]} 36. Rb7 {[%emt 0:00:47]} Re1+ {[%emt 0:01:32]} 37. Kg2 {[%emt 0:00:01]} Rf8 {[%emt 0:01:18]} 38. Raa7 {[%emt 0:00:55]} f3+ {[%emt 0:00:51]} 39. Kg3 {[%emt 0:00:02]} Qf4+ {[%emt 0:00:35]} 40. Kh3 {[%emt 0:00:24]} Qxh2+ {[%emt 0:00:02]} 41. Kxh2 {[%emt 0:30:26]} Be5+ {[%emt 0:30:01]} 42. Kh3 {[%emt 0:00:16]} Rh1# {[%emt 0:00:02]} 0-1

[Event "SVK-ch Open 2018"]
[Site "Banska Stiavnica"]
[Date "2018.07.14"]
[Round "8"]
[White "Pericka, Tomas"]
[Black "Slaba, Andrea"]
[Result "0-1"]
[WhiteElo "1975"]
[BlackElo "1936"]
[Annotator "NA"]
[PlyCount "44"]
[EventDate "2018.07.07"]
[EventType "swiss"]
[EventCountry "SVK"]
[SourceTitle "playchess.com"]
[Source "ChessBase"]
[SourceQuality "1"]
[TimeControl "40/5400+30:1800+30"]

1. f4 {[%emt 0:00:00]} d5 {[%emt 0:01:27]} 2. Nf3 {[%emt 0:00:02]} c5 {[%emt 0:00:10]} 3. e3 {[%emt 0:00:06]} Nf6 {[%emt 0:00:49]} 4. b3 {[%emt 0:01:38]} g6 {[%emt 0:00:38]} 5. Bb2 {[%emt 0:00:12]} Bg7 {[%emt 0:00:06]} 6. Be2 {[%emt 0:02:37]} O-O {[%emt 0:00:28]} 7. Ne5 {[%emt 0:03:39]} Nfd7 {[%emt 0:05:39]} 8. h4 Nxe5 {[%emt 0:01:50]} 9. Bxe5 {[%emt 0:01:58]} Bxe5 {[%emt 0:00:58]} 10. fxe5 {[%emt 0:00:07]} Nc6 {[%emt 0:00:18]} 11. d4 {[%emt 0:00:22]} Qa5+ {[%emt 0:01:32]} 12. c3 {[%emt 0:00:18]} Bf5 {[%emt 0:00:17]} 13. Qd2 {[%emt 0:02:47]} f6 {[%emt 0:05:35]} 14. h5 {[%emt 0:05:54]} g5 {[%emt 0:00:34]} 15. Bd3 {[%emt 0:00:50]} Bxd3 {[%emt 0:02:11]} 16. Qxd3 {[%emt 0:00:55]} cxd4 {[%emt 0:00:55]} 17. exd4 {[%emt 0:00:14]} fxe5 {[%emt 0:03:02]} 18. b4 {[%emt 0:00:46]} Qc7 {[%emt 0:06:02]} 19. Qg3 {[%emt 0:04:44]} Rf5 {[%emt 0:01:12]} 20. h6 {[%emt 0:00:12]} Nxd4 {[%emt 0:04:48]} 21. cxd4 {[%emt 0:00:58]} Qc1+ {[%emt 0:00:18]} 22. Ke2 {[%emt 0:00:01]} Qxh1 {[%emt 0:00:11]} 0-1

[Event "SVK-ch Open 2018"]
[Site "Banska Stiavnica"]
[Date "2018.07.14"]
[Round "8"]
[White "Gombar, Peter"]
[Black "Hrbek, Stepan"]
[Result "1/2-1/2"]
[WhiteElo "1974"]
[BlackElo "2129"]
[Annotator "NA"]
[PlyCount "94"]
[EventDate "2018.07.07"]
[EventType "swiss"]
[EventCountry "SVK"]
[SourceTitle "playchess.com"]
[Source "ChessBase"]
[SourceQuality "1"]
[TimeControl "40/5400+30:1800+30"]

1. d4 {[%emt 0:00:00]} Nf6 {[%emt 0:00:00]} 2. Bf4 {[%emt 0:00:00]} d5 {[%emt 0:00:00]} 3. e3 {[%emt 0:00:00]} c5 {[%emt 0:00:32]} 4. c3 {[%emt 0:00:17]} Nc6 {[%emt 0:01:15]} 5. Nd2 {[%emt 0:00:42]} Bf5 {[%emt 0:13:22]} 6. h3 {[%emt 0:03:38]} Qb6 {[%emt 0:03:32]} 7. Qb3 {[%emt 0:05:22]} c4 {[%emt 0:09:31]} 8. Qxb6 {[%emt 0:00:44]} axb6 {[%emt 0:00:02]} 9. Ngf3 {[%emt 0:02:31]} b5 {[%emt 0:08:48]} 10. Be2 {[%emt 0:05:15]} b4 {[%emt 0:04:42]} 11. O-O {[%emt 0:02:46]} h6 {[%emt 0:00:49]} 12. Ne5 {[%emt 0:10:08]} e6 {[%emt 0:09:21]} 13. Nxc6 {[%emt 0:07:51]} bxc6 {[%emt 0:00:04]} 14. cxb4 {[%emt 0:00:15]} Bxb4 {[%emt 0:01:07]} 15. Nf3 {[%emt 0:02:31]} Ke7 {[%emt 0:08:08]} 16. Rfc1 {[%emt 0:08:36]} Rhc8 {[%emt 0:06:17]} 17. a3 {[%emt 0:07:10]} c3 {[%emt 0:09:56]} 18. bxc3 {[%emt 0:03:03]} Bxa3 {[%emt 0:00:11]} 19. Rf1 {[%emt 0:01:24]} c5 {[%emt 0:00:51]} 20. dxc5 {[%emt 0:09:23]} Rxc5 {[%emt 0:07:06]} 21. Nd4 {[%emt 0:05:54]} Rcc8 {[%emt 0:11:52]} 22. Nxf5+ {[%emt 0:01:53]} exf5 {[%emt 0:00:03]} 23. Be5 {[%emt 0:01:17]} Bd6 {[%emt 0:01:06]} 24. Bd4 {[%emt 0:02:26]} Ke6 {[%emt 0:01:21]} 25. Rfb1 {[%emt 0:01:10]} Rcb8 {[%emt 0:01:21]} 26. Bd3 {[%emt 0:01:16]} Rxb1+ {[%emt 0:01:01]} 27. Rxb1 {[%emt 0:00:08]} Rb8 {[%emt 0:00:03]} 28. Rxb8 {[%emt 0:00:37]} Bxb8 {[%emt 0:00:03]} 29. Bxf6 {[%emt 0:01:10]} Kxf6 {[%emt 0:00:18]} 30. c4 {[%emt 0:00:06]} dxc4 {[%emt 0:00:06]} 31. Bxc4 {[%emt 0:00:07]} f4 {[%emt 0:00:35]} 32. exf4 {[%emt 0:00:09]} Bxf4 {[%emt 0:00:04]} 33. g3 {[%emt 0:00:27]} Bd6 {[%emt 0:00:12]} 34. Kg2 {[%emt 0:00:12]} Kg6 {[%emt 0:00:17]} 35. Kf3 {[%emt 0:00:53]} f5 {[%emt 0:00:35]} 36. Bd3 {[%emt 0:00:16]} Kf6 {[%emt 0:00:05]} 37. Bb5 {[%emt 0:00:21]} Bc5 {[%emt 0:00:23]} 38. Bd7 {[%emt 0:00:14]} Ke5 {[%emt 0:00:38]} 39. Bc8 {[%emt 0:00:21]} g5 {[%emt 0:00:43]} 40. Bd7 {[%emt 0:00:35]} h5 {[%emt 0:02:43]} 41. Be8 {[%emt 0:32:06]} h4 {[%emt 0:30:06]} 42. gxh4 {[%emt 0:00:12]} gxh4 {[%emt 0:00:04]} 43. Bd7 {[%emt 0:00:26]} Kf6 {[%emt 0:00:58]} 44. Bc8 {[%emt 0:00:24]} Kg5 {[%emt 0:00:07]} 45. Bd7 {[%emt 0:00:09]} Bd4 {[%emt 0:00:43]} 46. Bc8 {[%emt 0:00:10]} f4 {[%emt 0:00:13]} 47. Bd7 {[%emt 0:00:16]} Bc5 {[%emt 0:00:12]} 1/2-1/2

[Event "SVK-ch Open 2018"]
[Site "Banska Stiavnica"]
[Date "2018.07.14"]
[Round "8"]
[White "Sandor, Martin"]
[Black "Panko, Eduard"]
[Result "1/2-1/2"]
[WhiteElo "1968"]
[BlackElo "1871"]
[Annotator "NA"]
[PlyCount "135"]
[EventDate "2018.07.07"]
[EventType "swiss"]
[EventCountry "SVK"]
[SourceTitle "playchess.com"]
[Source "ChessBase"]
[SourceQuality "1"]
[TimeControl "40/5400+30:1800+30"]

1. e4 {[%emt 0:00:00]} e6 {[%emt 0:00:00]} 2. d4 {[%emt 0:00:00]} d5 {[%emt 0:00:00]} 3. Nc3 {[%emt 0:00:00]} Bb4 {[%emt 0:00:19]} 4. e5 {[%emt 0:00:16]} Ne7 {[%emt 0:00:31]} 5. a3 {[%emt 0:00:05]} Bxc3+ {[%emt 0:00:21]} 6. bxc3 {[%emt 0:00:08]} c5 {[%emt 0:00:10]} 7. Qg4 {[%emt 0:00:23]} Qc7 {[%emt 0:00:12]} 8. Qxg7 {[%emt 0:04:40]} Rg8 {[%emt 0:00:18]} 9. Qxh7 {[%emt 0:00:36]} cxd4 {[%emt 0:00:07]} 10. Ne2 {[%emt 0:03:22]} dxc3 {[%emt 0:01:00]} 11. Qd3 {[%emt 0:02:11]} Qxe5 {[%emt 0:03:21]} 12. Bf4 {[%emt 0:02:31]} Qf5 {[%emt 0:02:59]} 13. Qxf5 {[%emt 0:04:41]} Nxf5 {[%emt 0:00:02]} 14. Nxc3 {[%emt 0:00:55]} Bd7 {[%emt 0:03:28]} 15. Rb1 {[%emt 0:03:01]} Bc6 {[%emt 0:02:34]} 16. Bd3 {[%emt 0:09:18]} Nh4 {[%emt 0:12:28]} 17. Bg3 {[%emt 0:02:48]} Nxg2+ {[%emt 0:07:01]} 18. Kf1 {[%emt 0:00:56]} d4 {[%emt 0:09:32]} 19. Ne4 {[%emt 0:02:06]} Ke7 {[%emt 0:10:48]} 20. Kxg2 {[%emt 0:03:11]} f5 {[%emt 0:01:46]} 21. Rhe1 {[%emt 0:01:39]} fxe4 {[%emt 0:04:33]} 22. Bxe4 {[%emt 0:01:41]} b6 {[%emt 0:00:25]} 23. h4 {[%emt 0:06:15]} Bxe4+ {[%emt 0:08:45]} 24. Rxe4 {[%emt 0:00:50]} Nc6 {[%emt 0:00:34]} 25. Rbe1 {[%emt 0:03:35]} Rg6 {[%emt 0:01:21]} 26. h5 {[%emt 0:00:59]} Rh6 {[%emt 0:00:31]} 27. Bf4 {[%emt 0:02:14]} Rg8+ {[%emt 0:02:03]} 28. Kf1 {[%emt 0:03:43]} Rxh5 {[%emt 0:03:32]} 29. Rxe6+ {[%emt 0:02:16]} Kf7 {[%emt 0:00:43]} 30. Rxc6 {[%emt 0:00:47]} Rh1+ {[%emt 0:00:07]} 31. Ke2 {[%emt 0:00:07]} Re8+ {[%emt 0:00:30]} 32. Be3 {[%emt 0:00:06]} Rxe1+ {[%emt 0:00:17]} 33. Kxe1 {[%emt 0:01:09]} dxe3 {[%emt 0:00:17]} 34. Rc7+ {[%emt 0:04:11]} Kf6 {[%emt 0:02:10]} 35. f3 {[%emt 0:12:37]} e2 {[%emt 0:23:40]} 36. Rxa7 {[%emt 0:02:21]} Kf5 {[%emt 0:00:37]} 37. Ra4 {[%emt 0:00:12]} Re3 {[%emt 0:00:39]} 38. Rb4 {[%emt 0:00:41]} Rxf3 {[%emt 0:00:42]} 39. Kxe2 {[%emt 0:00:15]} Rxa3 {[%emt 0:00:11]} 40. Rxb6 {[%emt 0:00:07]} Ke5 {[%emt 0:00:14]} 41. Rb4 {[%emt 0:31:01]} Kd5 {[%emt 0:30:18]} 42. Rh4 {[%emt 0:00:45]} Kc5 {[%emt 0:00:33]} 43. Kd2 {[%emt 0:00:15]} Rg3 {[%emt 0:00:25]} 44. Kc1 {[%emt 0:00:28]} Rg1+ {[%emt 0:00:00]} 45. Kb2 {[%emt 0:00:00]} Rg2 {[%emt 0:00:00]} 46. Kb3 {[%emt 0:00:00]} Rg3+ {[%emt 0:00:00]} 47. c3 {[%emt 0:00:00]} Rg5 {[%emt 0:00:00]} 48. Rh8 {[%emt 0:00:00]} Rg3 {[%emt 0:00:00]} 49. Rh5+ {[%emt 0:00:00]} Kc6 {[%emt 0:00:00]} 50. Kb4 {[%emt 0:00:00]} Rg4+ {[%emt 0:00:00]} 51. c4 {[%emt 0:00:00]} Rg6 {[%emt 0:00:00]} 52. Ra5 {[%emt 0:00:00]} Kb6 {[%emt 0:00:00]} 53. c5+ {[%emt 0:00:00]} Kb7 {[%emt 0:00:00]} 54. Ra2 {[%emt 0:00:00]} Rg1 {[%emt 0:00:00]} 55. Rd2 {[%emt 0:00:00]} Rb1+ {[%emt 0:00:00]} 56. Kc4 {[%emt 0:00:00]} Rc1+ {[%emt 0:00:00]} 57. Kd5 {[%emt 0:00:00]} Kc7 {[%emt 0:00:00]} 58. Rd3 {[%emt 0:00:00]} Rc2 {[%emt 0:00:00]} 59. Rd1 {[%emt 0:00:00]} Rc3 {[%emt 0:00:00]} 60. Rh1 {[%emt 0:00:00]} Rd3+ {[%emt 0:00:00]} 61. Kc4 {[%emt 0:00:00]} Rd2 {[%emt 0:00:00]} 62. Rh7+ {[%emt 0:00:00]} Kc6 {[%emt 0:00:00]} 63. Rh6+ {[%emt 0:00:00]} Kc7 {[%emt 0:00:00]} 64. Kc3 {[%emt 0:00:00]} Rd1 {[%emt 0:00:00]} 65. Rh7+ {[%emt 0:00:00]} Kc6 {[%emt 0:00:00]} 66. Kc4 {[%emt 0:00:00]} Rc1+ {[%emt 0:00:00]} 67. Kb4 {[%emt 0:00:00]} Rb1+ {[%emt 0:00:00]} 68. Kc4 {[%emt 0:00:00] Kd5+ Kd4+} 1/2-1/2

[Event "SVK-ch Open 2018"]
[Site "Banska Stiavnica"]
[Date "2018.07.14"]
[Round "8"]
[White "Jencopala, Alexander"]
[Black "Bronis, Marian"]
[Result "1/2-1/2"]
[WhiteElo "1943"]
[BlackElo "2101"]
[Annotator "TA"]
[PlyCount "15"]
[EventDate "2018.07.07"]
[EventType "swiss"]
[EventCountry "SVK"]
[SourceTitle "playchess.com"]
[Source "ChessBase"]
[SourceQuality "1"]

{[%evp 9,15,-8,-4,0,-15,-12,18,10]} 1. e4 g6 2. d4 Bg7 3. Nc3 c6 4. a4 d5 5. exd5 (5. e5 Nh6 6. Nf3 f6 7. Be2 Bg4 8. exf6 exf6 9. h3 Be6 10. a5 O-O 11. O-O Qc7 12. Na4 Nd7 13. Nc5 {1-0 (41) Yao,L (2273)-Himanshu,S (2498) Barcelona 2017}) 5... cxd5 {The position is equal.} 6. h3 {B06: Modern Defence} Nc6 7. Nf3 Nf6 $146 ({Predecessor:} 7... Nh6 8. Bb5 O-O 9. O-O f6 10. Re1 Nf7 11. Bxc6 bxc6 12. Be3 e5 13. dxe5 fxe5 {0-1 (28) Szabo,L (2020)-Horvath,K (2130) Budapest 2003}) 8. Bd3 1/2-1/2

[Event "SVK-ch Open 2018"]
[Site "Banska Stiavnica"]
[Date "2018.07.14"]
[Round "8"]
[White "Tomanek, Rafael"]
[Black "Lukac, Roman"]
[Result "0-1"]
[WhiteElo "1939"]
[BlackElo "2089"]
[Annotator "NA"]
[PlyCount "96"]
[EventDate "2018.07.07"]
[EventType "swiss"]
[EventCountry "SVK"]
[SourceTitle "playchess.com"]
[Source "ChessBase"]
[SourceQuality "1"]
[TimeControl "40/5400+30:1800+30"]

1. d4 {[%emt 0:00:00]} Nf6 {[%emt 0:00:00]} 2. Nf3 {[%emt 0:00:00]} g6 {[%emt 0:00:00]} 3. c4 {[%emt 0:00:00]} Bg7 {[%emt 0:00:01]} 4. Nc3 {[%emt 0:00:00]} O-O {[%emt 0:00:22]} 5. e4 {[%emt 0:00:00] LiveBook: 10033 Partien} d6 {[%emt 0:00:08]} 6. h3 {[%emt 0:00:00]} e5 {[%emt 0:03:34]} 7. d5 {[%emt 0:00:21]} a5 {[%emt 0:01:47]} 8. Bg5 {[%emt 0:00:46]} h6 {[%emt 0:01:27]} 9. Be3 {[%emt 0:00:02]} Na6 $11 {[%emt 0:00:47]} 10. Be2 {[%emt 0:02:42]} Nc5 {[%emt 0:03:52]} 11. Nd2 {[%emt 0:02:33]} Bd7 {[%emt 0:01:51]} 12. b3 {[%emt 0:01:38]} Ne8 {[%emt 0:01:53]} 13. a3 {[%emt 0:03:14]} f5 {[%emt 0:01:15]} 14. f3 {[%emt 0:02:39]} Nf6 {[%emt 0:10:25]} 15. b4 {[%emt 0:02:25]} Na6 {[%emt 0:09:57]} 16. Rb1 {[%emt 0:01:28]} axb4 {[%emt 0:01:32]} 17. axb4 {[%emt 0:00:22]} Nh5 {[%emt 0:02:13]} 18. c5 {[%emt 0:13:41]} Bf6 {[%emt 0:05:57]} 19. Nc4 {[%emt 0:05:19]} Bh4+ {[%emt 0:03:55]} 20. Kf1 {[%emt 0:05:05]} Ng3+ {[%emt 0:11:51]} 21. Kg1 {[%emt 0:00:03]} Bg5 {[%emt 0:00:32]} 22. Bf2 {[%emt 0:06:42]} Nxh1 {[%emt 0:02:15]} 23. Kxh1 {[%emt 0:00:04]} Be7 {[%emt 0:02:12]} 24. Qg1 {[%emt 0:09:35]} Rf6 {[%emt 0:08:52]} 25. Bh4 {[%emt 0:01:25]} Rf7 {[%emt 0:08:45]} 26. Bf2 {[%emt 0:00:07]} Qf8 {[%emt 0:01:06]} 27. b5 {[%emt 0:00:59]} Nb8 {[%emt 0:06:24]} 28. c6 {[%emt 0:03:40]} Bc8 {[%emt 0:01:53]} 29. Ra1 {[%emt 0:00:47]} Rxa1 {[%emt 0:01:31]} 30. Qxa1 {[%emt 0:00:02]} bxc6 {[%emt 0:00:24]} 31. dxc6 {[%emt 0:05:14]} Be6 {[%emt 0:00:55]} 32. Nd5 {[%emt 0:17:04]} Qc8 {[%emt 0:04:21]} 33. Bg1 {[%emt 0:05:58]} Bh4 {[%emt 0:00:47]} 34. Nb2 {[%emt 0:03:53]} fxe4 {[%emt 0:01:19]} 35. fxe4 {[%emt 0:01:11]} Kg7 {[%emt 0:01:28]} 36. Nd3 {[%emt 0:03:02]} Bg3 {[%emt 0:00:54]} 37. Bh2 {[%emt 0:02:37]} Bxh2 {[%emt 0:00:34]} 38. Kxh2 {[%emt 0:00:03]} h5 {[%emt 0:00:27]} 39. Qe1 {[%emt 0:01:38]} Qd8 {[%emt 0:00:46]} 40. Qg3 {[%emt 0:00:29]} h4 {[%emt 0:00:36]} 41. Qe3 {[%emt 0:30:09]} Kh7 {[%emt 0:31:07]} 42. Nf2 {[%emt 0:02:29]} Qf8 {[%emt 0:00:00]} 43. Ng4 {[%emt 0:00:00]} Bxd5 {[%emt 0:00:00]} 44. exd5 {[%emt 0:00:00]} Rf4 {[%emt 0:00:00]} 45. Qa7 {[%emt 0:00:00]} Rb4 {[%emt 0:00:00]} 46. Qxc7+ {[%emt 0:00:00]} Kh8 {[%emt 0:00:00]} 47. Qa7 {[%emt 0:00:00]} Qf4+ {[%emt 0:00:00]} 48. Kg1 {[%emt 0:00:00]} Rb1+ {[%emt 0:00:00] Kf2} 0-1